[Event "Santo Domingo De La Madre op"]
[Site "Santo Domingo"]
[Date "2018.05.26"]
[Round "5"]
[White "Reyes Moreno, Marco Antonio"]
[Black "Jimenez, Jose Nicolas"]
[Result "0-1"]
[WhiteElo "1767"]
[BlackElo "1963"]
[PlyCount "86"]
[EventDate "2018.05.18"]
[EventType "swiss"]
[EventRounds "8"]
[EventCountry "DOM"]
[SourceTitle "CBM 184 Extra"]
[Source "ChessBase"]
[SourceDate "2018.06.28"]
[SourceVersion "1"]
[SourceVersionDate "2018.06.28"]
[SourceQuality "1"]

1. d4 e6 2. c4 d5 3. Nc3 f5 4. Nf3 Nf6 5. e3 c6 6. Qc2 Bd6 7. Bd3 Ne4 8. Bxe4 fxe4 9. Ne5 Bxe5 10. dxe5 Qg5 11. 0-0 Qxe5 12. b3 0-0 13. Bb2 Qg5 14. Kh1 Nd7 15. Ne2 Ne5 16. Bxe5 Qxe5 17. c5 Qg5 18. b4 e5 19. a4 Bg4 20. Ng1 Rf6 21. f3 exf3 22. gxf3 Bd7 23. Qe2 Raf8 24. Rf2 Qh4 25. Qd2 e4 26. f4 Rg6 27. Raf1 Bf5 28. Rg2 Rxg2 29. Kxg2 Bg4 30. b5 Qe7 31. Qc3 h6 32. Rf2 Kh7 33. Rd2 Rf6 34. Rf2 Rg6 35. Kh1 Qh4 36. Qd2 Bd7 37. b6 a6 38. Rg2 Bg4 39. Qf2 Qf6 40. Qb2 Qf5 41. a5 Qh5 42. Rg3 Bf3+ 43. Nxf3 Rxg3 0-1

[Event "Santo Domingo U2080 op"]
[Site "Santo Domingo"]
[Date "2016.06.13"]
[Round "6"]
[White "Jimenez, Jose Nicolas"]
[Black "Del Rosario Moreno, Carlos"]
[Result "0-1"]
[WhiteElo "1984"]
[BlackElo "2078"]
[PlyCount "116"]
[EventDate "2016.06.10"]
[EventType "swiss"]
[EventRounds "8"]
[EventCountry "DOM"]
[SourceTitle "CBM 172 Extra"]
[Source "ChessBase"]
[SourceDate "2016.06.21"]
[SourceVersion "1"]
[SourceVersionDate "2016.06.21"]
[SourceQuality "1"]

1. e4 c5 2. Nf3 Nc6 3. Be2 Nf6 4. d3 e6 5. 0-0 d5 6. Nbd2 Be7 7. Re1 0-0 8. Bf1 b5 9. g3 Bb7 10. Bg2 Re8 11. b3 Qb6 12. exd5 Nxd5 13. Bb2 a5 14. a4 b4 15. Ne4 h6 16. Ne5 Nd4 17. Qh5 f6 18. Qf7+ Kh8 19. Ng6+ Kh7 20. Bxd4 cxd4 21. Nd2 Bc5 22. Nc4 Qc6 23. Nge5 fxe5 24. Nxe5 Qc7 25. Be4+ Kh8 26. Ng6+ Kh7 27. Ne5+ Kh8 28. Qxc7 Nxc7 29. Bxb7 Ra7 30. Bc6 Rc8 31. Bd7 Rca8 32. Nc4 Ra6 33. Bb5 R6a7 34. Re5 Be7 35. Bc6 Rf8 36. Rxa5 Rxa5 37. Nxa5 Rf5 38. Nc4 Rc5 39. Bf3 Kg8 40. a5 Nb5 41. a6 Na7 42. Bb7 Kf7 43. Re1 Bf6 44. Kg2 Ke7 45. f4 Kd7 46. Kf3 Nb5 47. Ra1 Na7 48. Ra4 Rb5 49. Ke4 g5 50. Ne5+ Kd6 51. Nf7+ Kc7 52. Nxh6 gxf4 53. gxf4 Be7 54. Ng4 Rh5 55. Ra1 Rh4 56. Ne5 Rxh2 57. Ra2 Bc5 58. Nf3 Re2# 0-1

[Event "Santo Domingo U2080 op"]
[Site "Santo Domingo"]
[Date "2016.06.12"]
[Round "4"]
[White "Jimenez, Jose Nicolas"]
[Black "Delmonte Arias, Nelson"]
[Result "1-0"]
[WhiteElo "1984"]
[BlackElo "1865"]
[PlyCount "183"]
[EventDate "2016.06.10"]
[EventType "swiss"]
[EventRounds "8"]
[EventCountry "DOM"]
[SourceTitle "CBM 172 Extra"]
[Source "ChessBase"]
[SourceDate "2016.06.21"]
[SourceVersion "1"]
[SourceVersionDate "2016.06.21"]
[SourceQuality "1"]

1. e4 c5 2. Nf3 d6 3. Be2 Nc6 4. c3 Nf6 5. d3 g6 6. 0-0 Bg7 7. Be3 0-0 8. Qc1 Ng4 9. Bd2 f5 10. Na3 Bd7 11. Rb1 Rc8 12. Re1 Kh8 13. Bd1 a6 14. Bb3 Nge5 15. Nxe5 Nxe5 16. Bc2 fxe4 17. dxe4 b5 18. Ra1 e6 19. Bg5 Qb6 20. Bh6 Ng4 21. Bxg7+ Kxg7 22. Rf1 c4 23. Qd2 Rf6 24. h3 Ne5 25. Rad1 Nd3 26. Bxd3 cxd3 27. Qxd3 e5 28. Nc2 Rcf8 29. Ne3 Be6 30. Qxd6 Qxd6 31. Rxd6 Bxa2 32. Rxf6 Rxf6 33. Rd1 h5 34. f3 Rc6 35. Nd5 Rd6 36. Kf2 Kf7 37. Ke3 Rd7 38. Ra1 Bxd5 39. exd5 Rxd5 40. Rxa6 Rd1 41. Rb6 Rg1 42. Kf2 Rc1 43. Rxb5 Rc2+ 44. Kg3 Kf6 45. h4 Ke6 46. Rb6+ Kf5 47. Rb8 Ke6 48. Rb4 Ke7 49. Rb6 Kf7 50. Kh3 Kg7 51. Re6 Rxb2 52. Rxe5 Rc2 53. Rc5 Rc1 54. Rc6 Kf7 55. c4 Kg7 56. Kg3 Rc2 57. c5 Kf7 58. Rc7+ Kf6 59. c6 Rc4 60. Rc8 Kg7 61. c7 Kh7 62. Kf2 Kg7 63. Ke3 Rc2 64. Kd3 Rc1 65. Kd4 Rd1+ 66. Ke5 Re1+ 67. Kf4 Rc1 68. g3 Rc4+ 69. Ke5 Rc1 70. Kd4 Rd1+ 71. Ke3 Rc1 72. Kd2 Rc5 73. Kd3 Rc1 74. Ke4 Rc2 75. Kf4 Rc4+ 76. Ke5 Rc2 77. g4 hxg4 78. fxg4 Re2+ 79. Kd4 Rc2 80. g5 Rc1 81. Rd8 Rxc7 82. Kd5 Ra7 83. Ke6 Ra6+ 84. Rd6 Ra7 85. Rd7+ Rxd7 86. Kxd7 Kf7 87. Kd6 Kf8 88. Ke6 Kg7 89. Ke7 Kg8 90. Kf6 Kh7 91. Kf7 Kh8 92. Kxg6 1-0